Szczegóły MARC21

Minotaurus : eine Ballade ; Der Auftrag oder Vom Beobachten, des Beobachters, der Beobachter : Novelle in viersundzwanzig Sätzen ; Midas oder Die schwarze Leinwand /

003 -Nazwa inst., której nr kontr. jest w polu 001 [,]
    • @
    • Nazwa instytucji, której n kontrolny jest w polu 001
    • NUKAT
005 -DATA I CZAS OSTATNIEJ MODYFIKACJI [,]
    • @
    • pole kontrolne
    • 20241231092216.0
020 -Międzynarod. znormalizowany nr książki - ISBN [ , ]
    • a
    • Numer ISBN
    • 9783257230666 Find
040 -Instytucja sporządzająca opis [ , ]
    • a
    • Instytucja, która sporządziła opis (NP)
    • SZCZ U/JS
    • b
    • Język katalogowania
    • pol
    • e
    • Zasady katalogowania
    • rda
    • c
    • Instytucja, która sporządziła rekord (NP)
    • SZCZ U/JSs
942 -Rodzaj dokumentu [ , ]
    • c
    • Rodzaj dokumentu
    • Książka
100 -Hasło główne - nazwa osobowa [1, ]
    • a
    • Nazwa osobowa (NP)
    • Dürrenmatt, Friedrich
    • d
    • Daty biograficzne (NP)
    • (1921-1990).
    • e
    • Rodzaj współpracy
    • Autor
    • 9
    • KHW
    • 8592
240 -Tytuł ujednolicony [1,0]
    • a
    • Tytuł ujednolicony
    • Minotaurus
    • l
    • Język tekstu
    • (niem.)
    • 9
    • KHW
    • 625908
245 -Strefa tytułu i oznaczenia odpowiedzialności [1,0]
    • a
    • Tytuł
    • Minotaurus : Find
    • b
    • Ciąg dalszy tytułu (NP)
    • eine Ballade ; Der Auftrag oder Vom Beobachten, des Beobachters, der Beobachter : Novelle in viersundzwanzig Sätzen ; Midas oder Die schwarze Leinwand / Find
    • c
    • Pozostałe elementy strefy tytułu i oznaczenia odpowiedzialności (NP)
    • Friedrich Dürrenmatt.
260 -Strefa adresu wydawniczego [ , ]
    • a
    • Miejsce wydania (P)
    • Zürich :
    • b
    • Nazwa wydawcy (P)
    • Diogenes,
    • c
    • Data wydania (P)
    • [2020].
300 -Strefa opisu fizycznego [ , ]
    • a
    • Określenie formy książki i/lub objętość (NP)
    • 196 stron ;
    • c
    • Format (NP)
    • 18 cm.
336 -Typ zawartości [ , ]
    • a
    • Termin opisujący typ zawartości
    • Tekst
    • b
    • Kod określający zawartość
    • txt
    • 2
    • Źródło (terminu i kodu)
    • rdacontent
337 -Typ mediów [ , ]
    • a
    • Tryb odtwarzania
    • Bez urządzenia pośredniczącego
    • b
    • Kod typu mediów
    • n
    • 2
    • Źródło (terminu i kodu)
    • rdamedia
338 -Typ/rodzaj nośnika [ , ]
    • a
    • Hasło opisujące typ nośnika
    • Wolumin
    • b
    • Kod typu nośnika
    • nc
    • 2
    • Źródło (terminu i kodu)
    • rdacarrier
490 -Strefa serii i książki wielotomowej - forma nie do wyszukiwania [1, ]
    • a
    • Tytuł (P)
    • Diogenes Taschenbuch ; Find
    • v
    • Numeracja (P)
    • 23066
490 -Strefa serii i książki wielotomowej - forma nie do wyszukiwania [1, ]
    • a
    • Tytuł (P)
    • Werkausgabe in siebenunddreißig Bänden / Friedrich Dürrenmatt ; Find
    • v
    • Numeracja (P)
    • Bd. 26
830 -Hasło dodatkowe serii i opisu książki wielotomowej - tytuł ujednolicony/tytuł [ ,0]
    • a
    • Tytuł ujednolicony/tytuł (NP)
    • Diogenes Taschenbuch
    • v
    • Oznaczenie tomu (NP)
    • 23066
    • 9
    • KHW
    • 1446
500 -Uwaga ogólna [ , ]
    • a
    • Uwaga ogólna (NP)
    • Data według DNB.
655 -Hasło w funkcji tematu formalnego [ ,7]
    • a
    • Hasło
    • Powieść szwajcarska w języku niemieckim
    • y
    • Określnik chronologiczny
    • 1970-1990.
    • 2
    • Źródło terminu
    • kaba
    • 9
    • KHW
    • 465419
655 -Hasło w funkcji tematu formalnego [ ,7]
    • a
    • Hasło
    • Dramat szwajcarski w języku niemieckim
    • y
    • Określnik chronologiczny
    • 1945-.
    • 2
    • Źródło terminu
    • kaba
    • 9
    • KHW
    • 415596
700 -Hasło dodatkowe - nazwa osobowa [1,2]
    • a
    • Nazwa osobowa (NP)
    • Dürrenmatt, Friedrich Find
    • d
    • Daty biograficzne (NP)
    • (1921-1990).
    • t
    • Tytuł ujednolicony/tytuł (NP)
    • Auftrag oder Vom Beobachten, des Beobachters, der Beobachter Find
    • l
    • Język tekstu (NP)
    • (niem.)
    • 9
    • KHW
    • 625905
700 -Hasło dodatkowe - nazwa osobowa [1,2]
    • a
    • Nazwa osobowa (NP)
    • Dürrenmatt, Friedrich Find
    • d
    • Daty biograficzne (NP)
    • (1921-1990).
    • t
    • Tytuł ujednolicony/tytuł (NP)
    • Midas oder Die schwarze Leinwand Find
    • l
    • Język tekstu (NP)
    • (niem.)
    • 9
    • KHW
    • 625906
710 -Hasło dodatkowe - nazwa ciała zbiorowego [2, ]
    • a
    • Nazwa ciała zbiorowego lub nazwa geograficzna jako pierwszy element (NP)
    • Diogenes Verlag.
    • e
    • Rodzaj współpracy
    • Wydawca
    • 4
    • Kod relacji
    • pbl
    • 9
    • KHW
    • 429412
800 -Hasło dodatkowe opisu książki wielotomowej - nazwa osobowa [1, ]
    • a
    • Nazwa osobowa (NP)
    • Dürrenmatt, Friedrich
    • d
    • Daty biograficzne (NP)
    • (1921-1990).
    • t
    • Tytuł ujednolicony/tytuł (NP)
    • Werkausgabe in siebenunddreißig Bänden
    • v
    • Oznaczenie tomu (NP)
    • Bd. 26
    • 9
    • KHW
    • 485538
920 -ISBN [ , ]
    • a
    • ISBN
    • 978-3-257-23066-6 Find
Sygnatura Lokalizacja Data inwentaryzacji Numer inwentarzowy Status udost.
 BM2022-03-09G.216971
Germ. Literatura szwajcarskaBM2022-03-23BJM.1158-3